Получение новых диазониевых солей на основе карбазола и флуорена; Высокие технологии в современной науке и технике

Detaylı Bibliyografya
Parent link:Высокие технологии в современной науке и технике.— 2015.— [С. 266-268]
Yazar: Лекерова А. С.
Müşterek Yazar: Национальный исследовательский Томский политехнический университет (ТПУ) Институт физики высоких технологий (ИФВТ) Кафедра биотехнологии и органической химии (БИОХ)
Diğer Yazarlar: Филимонов В. Д. Виктор Дмитриевич
Özet:Заглавие с титульного экрана
Dil:Rusça
Baskı/Yayın Bilgisi: 2015
Seri Bilgileri:Химия. Химические технологии
Konular:
Online Erişim:http://earchive.tpu.ru/handle/11683/16131
http://www.lib.tpu.ru/fulltext/c/2015/C17/075.pdf
Materyal Türü: Elektronik Kitap Bölümü
KOHA link:https://koha.lib.tpu.ru/cgi-bin/koha/opac-detail.pl?biblionumber=613614

MARC

LEADER 00000naa2a2200000 4500
001 613614
005 20231220110100.0
035 |a (RuTPU)RU\TPU\conf\11759 
035 |a RU\TPU\conf\11757 
090 |a 613614 
100 |a 20150820d2015 k y0rusy50 ca 
101 0 |a rus 
102 |a RU 
105 |a y z 101zy 
135 |a drgn ---uucaa 
181 0 |a i  
182 0 |a b 
200 1 |a Получение новых диазониевых солей на основе карбазола и флуорена  |f А. С. Лекерова, В. Д. Филимонов 
203 |a Текст  |c электронный 
225 1 |a Химия. Химические технологии 
300 |a Заглавие с титульного экрана 
320 |a [Библиогр.: с. 268 (1 назв.)] 
337 |a Adobe Reader 
463 0 |0 (RuTPU)RU\TPU\conf\11660  |t Высокие технологии в современной науке и технике  |o сборник научных трудов IV Международной научно-технической конференции молодых ученых, аспирантов и студентов, г. Томск, 21-24 апреля 2015 г.  |f Национальный исследовательский Томский политехнический университет (ТПУ) ; под ред. А. Н. Яковлева  |v [С. 266-268]  |d 2015 
610 1 |a труды учёных ТПУ 
610 1 |a электронный ресурс 
610 1 |a диазониевые соли 
610 1 |a карбазолы 
610 1 |a флуорены 
700 1 |a Лекерова  |b А. С. 
701 1 |a Филимонов  |b В. Д.  |c химик  |c профессор Томского политехнического университета, доктор химических наук  |f 1945-  |g Виктор Дмитриевич  |3 (RuTPU)RU\TPU\pers\12908  |9 3693 
712 0 2 |a Национальный исследовательский Томский политехнический университет (ТПУ)  |b Институт физики высоких технологий (ИФВТ)  |b Кафедра биотехнологии и органической химии (БИОХ)  |3 (RuTPU)RU\TPU\col\18693 
801 2 |a RU  |b 63413507  |c 20210127  |g RCR 
856 4 |u http://earchive.tpu.ru/handle/11683/16131 
856 4 |u http://www.lib.tpu.ru/fulltext/c/2015/C17/075.pdf 
942 |c BK